One Piece - Personnages (update Elbaf) - Statistiques

Statistiques générales
  • Ce quiz a été pris 370 fois
    34 depuis la dernière actualisation
  • Le résultat moyen est 234 sur 1503
Statistiques - réponses
Indication Nom % Correct
Equipage du Chapeau de Paille Monkey D. Luffy
100%
Nami
100%
Roronoa Zoro
100%
Usopp
100%
Vinsmoke Sanji
100%
Nico Robin
96%
O-Cho
96%
Brook
92%
Franky
92%
Jinbe
92%
Equipage du roux Shanks
92%
Tony Tony Chopper
92%
Su
88%
Thousand Sunny
88%
Bateaux Going Merry
84%
Merry
84%
Yasopp
80%
Ben Beckman
72%
Lucky Roux
72%
Armée Révolutionnaire Monkey D. Dragon
72%
Sabo
72%
Equipage d'Arlong Arlong
68%
Famille Charlotte Charlotte Linlin
68%
Equipage aux Cent Bêtes (Commandants) Kaido
68%
Equipage de Barbe Noire Marshall D. Teach
68%
Rock
68%
Royaume d'Aegis Tea IV
68%
Equipage d'Alvida Alvida
64%
Equipage du Clown Baggy
64%
Bartholomew Kuma
64%
Borsalino
64%
Brogy
64%
Baroque Works Crocodile
64%
Emporio Ivankov
64%
Clan d'Ener Ener
64%
Equipage de Kid Eustass Kid
64%
Ho
64%
Equipage de Bonney Jewerly Bonney
64%
Kuzan
64%
Marco
64%
Monkey D. Garp
64%
Nefertari Lili
64%
Nefertari Vivi
64%
Oars
64%
Equipage des Pirates Spade Portgas D. Ace
64%
Queen
64%
Marine : Amiraux et Vice-Amiraux Sakazuki
64%
Equipage du Lion d'Or Shiki
64%
Flashback de Law Trafalgar D. Water Lami
64%
Barto Club Bartolomeo
60%
Equipage du Fire-Tank Capone Bege
60%
Charlotte Katakuri
60%
Pirates Géants Dorry
60%
Equipage de Barbe Blanche Edward Newgate
60%
Helmeppo
60%
Jozu
60%
King
60%
Koby
60%
Equipage du Chat Noir Kuro
60%
Morgan
60%
Alabasta Nefertari Cobra
60%
CP0 Rob Lucci
60%
Sham
60%
Equipage du Heart Trafalgar D. Water Law
60%
Vista
60%
Baratie (employés/clients/animaux) Zeff
60%
A.O
56%
Aramaki
56%
Equipage de Hawkins Basil Hawkins
56%
Bentham (Mr. 2 Bon Clay)
56%
Bepo
56%
Equipage des Kuja Boa Hancock
56%
Carrot
56%
Charlotte Cracker
56%
Charlotte Pudding
56%
Equipage de Krieg Don Krieg
56%
Donquixote Family Donquixote Doflamingo
56%
Donquixote Rosinante
56%
Equipage de Foxy Foxy
56%
Gem (Mr. 5)
56%
Water 7 Iceburg
56%
Trône Vacant Imu
56%
Issho
56%
Jango
56%
Gorosei Jaygarcia Saturn
56%
John
56%
Kaku
56%
Village de Syrup Kaya
56%
Killer
56%
Kozuki Oden
56%
Mr. 6
56%
Mr. 7
56%
Mr. 9
56%
Pell
56%
Baterilla Portgas D. Rouge
56%
Pudding Pudding
56%
Equipage des Rocks Rocks D. Xebec
56%
Equipage du On-Air Scratchmen Apoo
56%
Marine : Autres Sengoku
56%
Trebol
56%
Van Augur
56%
Babe (Mr. 4)
52%
Equipage du New Age Bellamy
52%
Archipel Conomi Bell-mère
52%
Boa Marigold
52%
Boa Sandersonia
52%
Cabaji
52%
Catarina Devon
52%
Rolling Pirates Charlotte Lola
52%
Chew
52%
Pirates du Soleil Fisher Tiger
52%
Gal
52%
Thriller Bark Gecko Moria
52%
Gin
52%
Gloriosa
52%
Equipage de Roger Gol D. Roger
52%
Nouvel Equipage des Hommes-Poissons Hody Jones
52%
Igaram
52%
Jabura
52%
Jesus Burgess
52%
Kinemon
52%
Kureha
52%
Kurozumi Kanjuro
52%
Kurozumi Tama
52%
Laffitte
52%
Loki
52%
Mag
52%
Magellan
52%
Royaume de Chako Mari
52%
Marianne (Miss Goldenweek)
52%
Mikita (Miss Valentine)
52%
Nekomamushi
52%
Royaume Ryugu Neptune
52%
Nojiko
52%
Octo
52%
Perona
52%
Pica
52%
Rebecca
52%
Rockstar
52%
Señor Pink
52%
Silvers Rayleigh
52%
Smoker
52%
Sonieh
52%
Tashigi
52%
Topman Warcury
52%
Equipage des Moines Dépravés Urouge
52%
Egghead Vegapunk
52%
Royaume de Germa Vinsmoke Judge
52%
Vinsmoke Niji
52%
Vinsmoke Reiju
52%
Viola
52%
Royaume de Black Drum Wapol
52%
York
52%
Baby 5
48%
Buckingham Stussy
48%
Chaka
48%
Charlotte Perospero
48%
Charlotte Smoothie
48%
Chouchou
48%
Crocus
48%
Royaume de Sakura Dalton
48%
Den
48%
Diamante
48%
Doc Q
48%
Drophy (Miss Merrychristmas)
48%
Figarland Garling
48%
Galdino (Mr. 3)
48%
Nouvel Equipage des Géants Hajrudin
48%
Inazuma
48%
Inuarashi
48%
Jack
48%
Jack in the Box
48%
Jaguar D. Saul
48%
Kalifa
48%
Karasu
48%
Koza
48%
Kozuki Momonosuke
48%
Clan Kurozumi Kurozumi Orochi
48%
Kyros
48%
Leo
48%
Miss Monday
48%
Mohji
48%
World Economic Journal Morgans
48%
Mr. 10
48%
Mr. 11
48%
Mr. 12
48%
Mr. 13
48%
Famille de Robin Nico Olvia
48%
Ninjin
48%
Page One
48%
Peeply Lulu
48%
Scopper Gaban
48%
Village de Shimotsuki Shimotsuki Kuina
48%
Shirahoshi
48%
Spandam
48%
Stussy
48%
Ile de Sphinx Tama
48%
Ulti
48%
Vasco Shot
48%
Vinsmoke Ichiji
48%
Vinsmoke Yonji
48%
Zala (Miss Doublefinger)
48%
Absalom
44%
Black Maria
44%
Punk Hazard Caesar Clown
44%
Jolis Pirates Cavendish
44%
Charlotte Brûlée
44%
Charlotte Oven
44%
Conis
44%
Daz Bonez (Mr. 1)
44%
Denjiro
44%
Flotte Happo Don Sai
44%
Famille autoproclamée de Barbe Blanche Edward Weevil
44%
Ethanbaron V. Nusjuro
44%
Fukuro
44%
Île des Animaux Rares Gaimon
44%
Geôliers d'Impel Down Hannyabal
44%
Hara
44%
Hiluluk
44%
Hogback
44%
Howling Gab
44%
Equipage d'Ideo Ideo
44%
Izo
44%
Kiku
44%
Koala
44%
Gouvernement Mondial Kong
44%
Kozuki Hiyori
44%
Kozuki Toki
44%
Laboon
44%
Lilith
44%
Manmeyer Gunko
44%
Marcus Mars
44%
Monet
44%
Morley
44%
| Dieu Nika
44%
Ohm
44%
Patty
44%
Paulie
44%
Pearl
44%
Pedro
44%
Richie
44%
Rosward Charlos
44%
Archipel Sabaody Shakuyaku
44%
Shepherd Ju Peter
44%
Shiliew
44%
Shimotsuki Toko
44%
Who's Who
44%
Shandias actuels Wiper
44%
Zeus
44%
Belo Betty
40%
Buchi
40%
Charlotte Chiffon
40%
Chinjao
40%
Kuragaina Dracule Mihawk
40%
Chevaliers Divins Figarland Shamrock
40%
Fullbody
40%
Genzo
40%
Hera
40%
Hina
40%
Anciens Shandias Kalgara
40%
Super Col-verts Karoo
40%
Kawamatsu
40%
Kiku
40%
Kumadori
40%
Kuroobi
40%
Maki
40%
Makino
40%
Miss Father's day
40%
Miss Friday
40%
Alliance Saruyama Montblanc Cricket
40%
Luvneel Montblanc Noland
40%
Nezumi
40%
Oimo
40%
Otohime
40%
Piiman
40%
Pythagoras
40%
Sasaki
40%
Shaka
40%
Shimotsuki Ryuma
40%
Tamanegi
40%
Pirates Volants Vander Decken IX
40%
Vergo
40%
X Drake
40%
Abdullah
36%
Ashura Doji
36%
Atlas
36%
Blueno
36%
Camie
36%
Chess
36%
Curly Dadan
36%
Dellinger
36%
Rosy Life Riders Duval
36%
Skypiea Gan Fall
36%
Hack
36%
Elbaf Harald
36%
Archipel Boin Heraclesun
36%
Jean Bart
36%
Johnny
36%
Pirates Légendaires Joy Boy
36%
Lao G
36%
Lindbergh
36%
Little Oars Jr.
36%
| Equipage de Macro Macro
36%
Miss Thursday
36%
Homies Napoleon
36%
Pierre
36%
Raizo
36%
Shells Town Rika
36%
Sadi
36%
Satori
36%
Sentomaru
36%
Shepherd Sommers
36%
Clan Shimotsuki Shimotsuki Yasuie
36%
Shu
36%
Sugar
36%
Tom
36%
Vito
36%
Wanda
36%
Yama
36%
Avalo Pizarro
32%
Enies Lobby Bas
32%
Blue Gilly
32%
Buffalo
32%
Equipage de Candy Candy
32%
Carne
32%
Charlotte Daifuku
32%
Charlotte Mont D'Or
32%
Charlotte Snack
32%
Edison
32%
Emeth
32%
Jora
32%
Kashi
32%
Kiwi
32%
Limoshiv Killingham
32%
Manboshi
32%
Mansherry
32%
Marguerite
32%
Minokoala
32%
Minotaurus
32%
Minozebre
32%
Miss Saturday
32%
Miss Tuesday
32%
Momoo
32%
Flotte Yonta Maria Orlumbus
32%
Kuri O-Tsuru
32%
Pagaya
32%
Personnages Blagues Pandaman
32%
Pappag
32%
Pekoms
32%
Penguin
32%
Prometheus
32%
Ririka
32%
Sanjuan Wolf
32%
Sarquiss
32%
S-Bear
32%
Scarlett
32%
S-Hawk
32%
Shinobu
32%
Spandine
32%
Squard
32%
Thatch
32%
Tsuru
32%
Victoria Cindry
32%
Wadatsumi
32%
Aladdin
28%
Bian
28%
Boo
28%
Ville d'Orange Boodle
28%
Caribou
28%
Coribou
28%
Davy D. Jones
28%
Royaume de Prodence Elizabello II
28%
Fukaboshi
28%
Gedatsu
28%
Ginny
28%
Higuma
28%
Kokoro
28%
Lassoo
28%
Machvise
28%
Miss Mother's day
28%
Momonga
28%
Nefertari Titi
28%
Porche
28%
Ryuboshi
28%
Shura
28%
Sodome
28%
Sora
28%
S-Shark
28%
Seraphims S-Snake
28%
Streusen
28%
Equipage de Big mom Tamago
28%
T-Bone
28%
Toto
28%
Vinsmoke Sora
28%
Franky Family Zambai
28%
Zou Zunesha
28%
Blamenco
24%
Bluejam
24%
Braham
24%
Capone Pez
24%
Charlotte Citron
24%
Charlotte Compo
24%
Charlotte Compote
24%
Charlotte Flampe
24%
Charlotte Galette
24%
Charlotte Opera
24%
Compo
24%
Daruma
24%
Domino
24%
Famille Donquixote Donquixote Mjosgard
24%
Dosun
24%
Gladius
24%
Hamburg
24%
Hattori
24%
Heat
24%
Heppoko
24%
Jarl
24%
Kabu
24%
Kotori
24%
Kuromarimo
24%
Laki
24%
Minorhinoceros
24%
CP9 Nero
24%
Peppoko
24%
Poppoko
24%
Famille Rosward Rosward Rosward
24%
Saldeath
24%
Shelly
24%
Speed
24%
Stronger
24%
CP7 Wanze
24%
Yamato
24%
Yosaku
24%
Zeo
24%
Aisa
20%
Aphelandra
20%
Barbe Brune
20%
Barbe Rose
20%
Bergerie Carmel
20%
Charlotte Amande
20%
Chocolat
20%
Dalmatian
20%
Disco
20%
Funkfreed
20%
Gazelleman
20%
Gomorrah
20%
Guernica
20%
Holdem
20%
Yakuza Hyogoro
20%
Loguetown Ipponmatsu
20%
Jeet
20%
Jorl
20%
Kamakiri
20%
Kumashi
20%
Lily
20%
Masira
20%
Megalo
20%
Mozu
20%
Dressrosa Riku Doldo III
20%
Rosward Sharlia
20%
Sam
20%
Scotch
20%
Shimotsuki Koushiro
20%
Shoujou
20%
Shyarly
20%
Sicilian
20%
Royaume de Goa Sterry
20%
Suleiman
20%
Sweet Pea
20%
Terracotta
20%
Long Ring Long Land Tonjit
20%
Amazon
16%
Banchi
16%
Banchina
16%
Bastille
16%
Blackback
16%
Charlotte Mascarpone
16%
Charlotte Praline
16%
Chimney
16%
Daifugo
16%
Doberman
16%
Hoe
16%
Hotori
16%
Ichika
16%
Ikaros Much
16%
Clan Kozuki Kozuki Sukiyaki
16%
Kyo
16%
Limejuice
16%
Matsuge
16%
Namur
16%
Porchemy
16%
Road
16%
Sanka
16%
Tilestone
16%
Tyrannosaurus
16%
Whitey Bay
16%
Woop Slap
16%
Yokozuna
16%
Yonka
16%
Equipage du Rumbar Yorki
16%
And
12%
Barrel
12%
Gifters Batman
12%
Bent
12%
Big Pan
12%
Capote
12%
Charlotte Bavarois
12%
Charlotte Cinnamon
12%
Charlotte Joconde
12%
Charlotte Joscarpone
12%
Charlotte Mash
12%
Charlotte Poire
12%
Cocoa
12%
Colon
12%
Columbus
12%
Dagama
12%
Daisy
12%
Faux Equipage du Chapeau de Paille et leurs alliés Demaro Black
12%
Fujin
12%
Oniwabanshu Fukurokuju
12%
Tribu Tontatta Gancho
12%
Genbo
12%
Gerth
12%
Gonbe
12%
Gyaro
12%
Royaume de Bollywood Ham Burger
12%
Hana
12%
Hatcha
12%
Holy
12%
Hongo
12%
Hyouzou
12%
Indigo
12%
John Giant
12%
Kappa
12%
Kerville
12%
Kujaku
12%
Kurozumi Semimaru
12%
Marie
12%
Masked Deuce
12%
McKinley
12%
Ministre de la Droite
12%
Ministre de la Gauche
12%
Minochihuahua
12%
Mousse
12%
Mr. Love
12%
Flotte du Roux - autre Olly
12%
Onigumo
12%
Pandawoman
12%
Peterman
12%
Pisaro
12%
Pound
12%
Prince Grus
12%
Raijin
12%
Ran
12%
Roshio
12%
Shachi
12%
Headliners Sheepshead
12%
Speed Jiru
12%
Strawberry
12%
Tansui
12%
Tristan
12%
Turco
12%
Ucy
12%
Uta
12%
Yonka Two
12%
Yu
12%
Arrow
8%
Atmos
8%
Babanuki
8%
Bao
8%
Bariete
8%
Batchee
8%
Belladonna
8%
Blenheim
8%
Bobby Funk
8%
Bourbon Jr.
8%
Brahm
8%
Brannew
8%
Bunny Joe
8%
Super Pingouin Camel
8%
Charlotte Anglais
8%
Charlotte Brownie
8%
Charlotte Counter
8%
Charlotte Dolce
8%
Charlotte Dragée
8%
Charlotte Hachée
8%
Charlotte Montb
8%
Charlotte Moscato
8%
Charlotte Nusstorte
8%
Charlotte Raisin
8%
Charlotte Yuen
8%
Clione
8%
Cosette
8%
Cowboy
8%
Daddy Dee
8%
Doll
8%
Pègre Du Feld
8%
Epoida
8%
Farul
8%
Faust
8%
Fossa
8%
Frères Risky
8%
Fuza
8%
Gambia
8%
Ganzui
8%
Giberson
8%
Goldberg
8%
Gotti
8%
Gyro
8%
Weatheria Haredas
8%
Haruta
8%
Hasami
8%
Hildon
8%
Hop
8%
Ida
8%
Ipponume
8%
Ishilly
8%
Kaneshiro
8%
Autres Combattants du Colisée Kelly Funk
8%
Kiev
8%
King Baum
8%
Kurozumi Higurashi
8%
Lady Tree
8%
Ecrivains Louis Arnote
8%
Makko
8%
Marin
8%
Milky
8%
Mocha
8%
Moda
8%
Monda
8%
Monstar
8%
Motobaro
8%
Motzel
8%
Mr. Beans
8%
Mr. Mellow
8%
Mummy
8%
Totto Land Nasu
8%
Nola
8%
Ochoku
8%
Octopako
8%
Onimaru
8%
Pickles
8%
Poro
8%
Ripley
8%
Marines : Grades plus faibles, Commandants, Lieutenants etc... Ripper
8%
Robson
8%
Famille de Señor Pink Russian
8%
Smiley
8%
Soro
8%
Tera
8%
Mock Town (citoyens/pirates) Terry
8%
Terry Gilteo
8%
Tori
8%
Uni
8%
Very Good
8%
Wire
8%
Wolff
8%
X Barrels
8%
Gang des Marchands de Sable Agotogi
4%
Ahiru
4%
Akumai
4%
Ally
4%
Anjo
4%
Aswa
4%
Bacura
4%
Village d'Ebisu Bingo
4%
Björn
4%
Blue Fan
4%
Bobbin
4%
Bomba
4%
Bonk Panchi
4%
Equipage des Bourrrgeois Brululu
4%
Building Snake
4%
Bunbuku
4%
Cands
4%
Cerberus
4%
Cezar
4%
Chabo
4%
Charlotte Anana
4%
Charlotte Basskarte
4%
Charlotte Cabaletta
4%
Charlotte Cadenza
4%
Charlotte Dosmarche
4%
Charlotte Effilée
4%
Charlotte Gala
4%
Charlotte Kato
4%
Charlotte Mondée
4%
Charlotte Myukuru
4%
Charlotte Newgo
4%
Charlotte Newichi
4%
Charlotte Newji
4%
Charlotte Newsan
4%
Charlotte Newshi
4%
Charlotte Nougat
4%
Charlotte Panna
4%
Cocox
4%
Royaume de Sorbet Conney
4%
Corgi
4%
Curiel
4%
Daikoku
4%
Damask
4%
Esclaves sur Sabaody Devil Dias
4%
Diesel
4%
Dobon
4%
Dogra
4%
Alliés de Barbe Blanche Doma
4%
Donquixote Homing
4%
Drip
4%
Emma
4%
Frères Decalvan
4%
Fuga
4%
Social Club Fugah d'Anthier
4%
Funambules Brothers
4%
Commandant Rebelle et famille Gaburu
4%
Equipage du Croissant de Lune Gally
4%
Gambo
4%
Gatz
4%
Equipage de la Flaque Gerotini
4%
Gill Bastar
4%
Gimlet
4%
Gin Rummy
4%
Gion
4%
Glove
4%
Gyoro
4%
Hammond
4%
Ancien Shichibukai Hanafuda
4%
Hanger
4%
Hanzo
4%
Herb
4%
Hibari
4%
Hikoichi
4%
Hip
4%
Hippo-Gentleman
4%
Hokker
4%
Mimawarigumi Hotei
4%
Hustle
4%
Tsumegeri Hyota
4%
Ideaman
4%
Ikkaku
4%
Inuppe
4%
Ivan X
4%
CP6 Jerry
4%
Jigoro
4%
Jiron
4%
Kagikko
4%
Kakukaku
4%
Autres membres Kamijiro
4%
Equipage des Takotopus Karma
4%
Raijin Kasa
4%
Kashigami
4%
Kentauros
4%
Ecole du Morse Kiba
4%
Amazon Lily Kikyo
4%
Kinderella
4%
Koda
4%
Koiwa
4%
Komachiyo
4%
Koze
4%
Kyuin
4%
Laskey
4%
Equipage des Papillons de Nuit Linaria
4%
Lionbuta
4%
Maidy
4%
Mamy Mee
4%
Manjaro
4%
Margarita
4%
Mashikaku
4%
Mato
4%
Maynard
4%
McGuy
4%
Minatomo (East Blue)
4%
Minatomo (Wano)
4%
Moodie
4%
Mornin
4%
Mouseman
4%
Mr. Shimizu
4%
Nako
4%
Royaume de Gingaball Neggy
4%
Negikuma Maria
4%
Nora Gitsune
4%
Nubon
4%
Nugire Yainu
4%
Omasa
4%
O-Taka
4%
Outlook III
4%
Pascia
4%
Pinky
4%
Poker
4%
Potsun
4%
Pirate ayant attaqué Alabasta Puppu
4%
Raideen
4%
Randolph
4%
Ratatosk
4%
Rindo
4%
Roddy
4%
Rokkaku
4%
Roronoa Arashi
4%
Roronoa Pinzoro
4%
Ross
4%
Roxanne
4%
Saki
4%
Salome
4%
Île de Kyuka Samurai Batts
4%
Sapi
4%
Saru
4%
Pirate de l'espace Seamars
4%
Seira
4%
Seto
4%
Sharinguru
4%
Shimotsuki Furiko
4%
Shimotsuki Kozaburo
4%
Shine
4%
Shioyaki
4%
Skull
4%
Solitaire
4%
Some
4%
Spencer
4%
Splash
4%
Splatter
4%
Stansen
4%
Stomp
4%
Surume
4%
Royaume de Shishano Tacos
4%
Take
4%
Tamachibi
4%
Tamagon
4%
Tank Lepanto
4%
Teru
4%
Thorman
4%
Tokikake
4%
Tritoma
4%
Tsunagoro
4%
UK
4%
Ukkari
4%
Ultraking
4%
Ushiano
4%
Wicca
4%
Yatappe
4%
Yomo
4%
Yoshimoto
4%
Equipage des Tulipes Yurikah
4%
Zepo
4%
Acilia
0%
Adele
0%
Aegir
0%
Ageha Woman
0%
Aggie 68
0%
Agsilly
0%
Agyo
0%
Ahho Desunen IX
0%
Ahho Zurako
0%
Akehende
0%
Aksatanain
0%
Akudai Kanzaburo
0%
Albion
0%
Alice
0%
Alpacaman
0%
CP8 Alpha
0%
Amadob
0%
Anba
0%
Andre
0%
Ange
0%
Ankoro
0%
Antonio
0%
An Zengaiina
0%
Aremo Ganmi
0%
Arthur
0%
Aruyutayan V
0%
Asahija
0%
Asashichi
0%
Asura
0%
Atagoyama
0%
Attach
0%
Ayesé Mar
0%
Azuki
0%
Baburu
0%
Baggaley
0%
Bakezo
0%
Royaume de Frauce Ban Dedessinée
0%
Bankuro
0%
Banshee
0%
Banzaburo
0%
Bao Huang
0%
Barbell
0%
Barry
0%
Battaman
0%
Baxcon
0%
Beak Remark
0%
Beegirl
0%
Royaume de Roshwan Beer VI
0%
Beetleman
0%
Bekari
0%
Bellett
0%
Biblo
0%
Pucci Bimine
0%
Bishamon
0%
Bishonure Onna
0%
Bisley
0%
Biyo
0%
Bizarre
0%
Blade
0%
Blakey
0%
Blondie
0%
Bluegrass
0%
Blumarine
0%
Bobomba
0%
Marines : Grades Inconnus Bogard
0%
Bongo
0%
Boogie
0%
Boss de la Forêt
0%
Boss des Tunnels
0%
Brew
0%
Briscola
0%
Brocca
0%
Bubblegum
0%
Buche
0%
Buhichuck
0%
Bulldog
0%
Bungo
0%
Bushon
0%
Busshiri
0%
Byron
0%
Caimanlady
0%
Cancer
0%
Candre
0%
Catacombo
0%
Caucasusman
0%
CB Galant
0%
Chao
0%
Royaume de Doiru Chap
0%
Chappe
0%
Charlotte Akimeg
0%
Charlotte Allmeg
0%
Charlotte Angel
0%
Charlotte Basans
0%
Charlotte Broyé
0%
Charlotte Chiboust
0%
Charlotte Cornstarch
0%
Charlotte Custard
0%
Charlotte Dacquoise
0%
Charlotte De-Chat
0%
Charlotte Fuyumeg
0%
Charlotte Harumeg
0%
Charlotte High-Fat
0%
Charlotte Kanten
0%
Charlotte Laurin
0%
Charlotte Maple
0%
Charlotte Marble
0%
Charlotte Marnier
0%
Charlotte Melise
0%
Charlotte Mobile
0%
Charlotte Mozart
0%
Charlotte Noisette
0%
Charlotte Normande
0%
Charlotte Nutmeg
0%
Charlotte Prim
0%
Charlotte Saint Marc
0%
Charlotte Tablet
0%
Charlotte Wafers
0%
Charlotte Wiro
0%
Charlotte Zuccotto
0%
Chesskipa
0%
Flotte Niho Chichilisia
0%
Chicken
0%
Chihaya
0%
Chiya
0%
Chochinman
0%
Chocho
0%
Choi
0%
Chokyumei-no Chosuke
0%
Chome
0%
Chuchun
0%
Chuji
0%
Archéologues d'Ohara Clou D. Clover
0%
Coburn
0%
Colscon
0%
Concelot
0%
Cornelia
0%
Cosmo
0%
Cosmos
0%
Cotton
0%
Royaume de Cameron Couran
0%
Dachoman
0%
Destroyers Dago
0%
Daidalos
0%
Daigin
0%
Daikon
0%
Dashiteyaro
0%
Deigoro
0%
Delacuaji
0%
Demoni Aiyo
0%
Didit
0%
Dieu-Epines
0%
Disc J
0%
Dive
0%
Dobby Ibadonbo
0%
Dogya
0%
Doha Ittanka II
0%
Domo-kun
0%
Donannoyo
0%
Don Marlon
0%
Donovan
0%
Donquino
0%
Donquixote Shivercalero
0%
Doran
0%
Doringo
0%
Dotaku
0%
Doubt Brothers
0%
Drug Peclo
0%
Ducky Bree
0%
Eddy
0%
Egana
0%
Eiri
0%
Elbow
0%
Elio
0%
Ella Mimézabi
0%
Elmy
0%
Enishida
0%
Eponi
0%
Erik
0%
Eris
0%
Esta
0%
Estrid
0%
Ettara Chaunkai
0%
Farafra
0%
Fen Bock
0%
Fillonce
0%
Fishbonen
0%
Flapper
0%
Footbianco
0%
Forliewbs
0%
Four Tricks
0%
François
0%
Fugetsu Kisaburo
0%
Clan Fugetsu Fugetsu Omusubi
0%
Fukumi
0%
Furika
0%
Royaume de Botte Furrari
0%
Galaxy
0%
Gangaru
0%
Ganryu
0%
Garudan
0%
Gatherine
0%
Gattenshochinosukeo
0%
Genrin
0%
George Black
0%
George Mach
0%
Gig
0%
Gina
0%
Ginko
0%
Ginnosuke
0%
Giovanni
0%
Giro Chintaro
0%
Gismonda
0%
Glutton Bunny
0%
Gode
0%
Goki
0%
Goo
0%
Gorilla
0%
Gorishiro
0%
Ukkari Hot-Spring Island Goro
0%
Gorobe
0%
Grabar
0%
Gram
0%
Great Michael
0%
Guillotine
0%
Gurutaro
0%
Gyogyo
0%
Gyoru
0%
Hakowan
0%
Hakugan
0%
Hamlet
0%
Hangan
0%
Hanji
0%
Hanko
0%
Happa Yamao
0%
Happygun
0%
Pirate capturé par Kid Haritsu Kendiyo
0%
Hatsume
0%
Hawkman
0%
Hewitt
0%
Hidayu
0%
Hideo Usaguchi
0%
Hihimaru
0%
Hikkomitsukumai
0%
Himuro
0%
Hippan Natte
0%
Equipage des Endurance Curry Hippie
0%
Hiramera
0%
Hirmungard
0%
Hiro Gomon
0%
Hiroshi
0%
Hitsughiskhan
0%
Hocha
0%
Hoichael
0%
Hoisassa
0%
Home
0%
Honner
0%
Horseman
0%
Hound
0%
House
0%
Hublot
0%
Humphrey
0%
Ibiributsu
0%
Ibisu
0%
Ichiro Kumaguchi
0%
Numbers Inbi
0%
Inhel
0%
Inoichibannosuke
0%
Inukai
0%
Isa
0%
Ishigo Shitemanna
0%
Iskatt
0%
Islewan
0%
Itomimizu
0%
Royaume de Whiteland Iwatobi
0%
Jabari
0%
Jacksonbanner
0%
Jagger
0%
Jaki
0%
Autres Dragons Célestes Jalmack
0%
Jean Ango
0%
Prisonniers d'Impel Down Jean Goen
0%
Jean Noueille
0%
Royaume de South Fire Jeep
0%
Jero
0%
Jew Wall
0%
Jibuemon
0%
Jigoku Benten
0%
Jigokukamabuta Megatenpanchiro
0%
Jigra
0%
Jobo
0%
Johanna
0%
Jorge
0%
Joseph
0%
Josh
0%
Judy
0%
Jugemu Jugemuko
0%
Jujiro
0%
Juki
0%
Julius
0%
Jumper
0%
Jumpsuke Crapo
0%
Junan
0%
Marines : Contre-Amiraux, Commodores et Capitaines Kadar
0%
Kagero
0%
Kairen
0%
Kairiken
0%
Kairo Kureyo
0%
Kakunoshin
0%
Kamakirigirl
0%
Kamekichi
0%
Anciens associés de Robin Kanezenny
0%
Karin
0%
Kasagoba
0%
Katsuzo
0%
Kazekage
0%
Kazenbo
0%
Kebi
0%
Kechatch
0%
Keith
0%
Kibagaeru
0%
Kibin
0%
Kikipatsu
0%
Kimel
0%
Kinbo
0%
Kinga
0%
Kingdew
0%
Kinoko
0%
Kisegawa
0%
Karakuri Kitton
0%
Kobee
0%
Koito
0%
Kojuro
0%
Komakkov
0%
Komane
0%
Komir
0%
Konbu
0%
Kop
0%
Koshi Falcon
0%
Kotatsu
0%
Wano - Autres Kotetsu
0%
Koyama
0%
Krap
0%
Kukai
0%
Mère d'un membre du CP9 Kumadori Yamanbako
0%
Kumae
0%
Kumagoro
0%
Kuni
0%
Kunyun
0%
Kurokoma
0%
Kurosawa
0%
Kurotsuru
0%
Kyuji
0%
Kyukyu
0%
Lacroix
0%
Lacuba
0%
Royaume de Bestland Lemoncheese
0%
Leonero
0%
Lines
0%
Lip Doughty
0%
Lulis
0%
Madilloman
0%
God Valley Magnolia
0%
Magra
0%
Maha
0%
Mamdin
0%
Mani
0%
Maria Napole
0%
Marilyn
0%
Mario
0%
Marumieta
0%
Massui
0%
Matryosaka
0%
Matryoseka
0%
Matryosoka
0%
Matryosuka
0%
Mauji
0%
MAX Marks
0%
Mayushika
0%
Meadows
0%
Mecha-Shark
0%
Mero
0%
Mezasuzowan Pisuo
0%
Michael
0%
Mihar
0%
Mikio Itoo
0%
Miles
0%
Millet Pine
0%
Milo
0%
Minoruba
0%
Mishoin Cashible
0%
Miss Catherina
0%
Miyagi
0%
Mizerka
0%
Mizuira
0%
Mizuta Madaisuki
0%
Mizuta Mawaritosuki
0%
Moai
0%
Mocdonald
0%
Mochi
0%
Mokuba
0%
Monji
0%
Monjiro
0%
Moon Isaac Jr
0%
Royaume de Samba Moqueca
0%
Royaume de Tajine Mororon
0%
Mosh
0%
Mounblutain
0%
Mountain Ricky
0%
Mouthto Mouthyan
0%
Moyle
0%
Mozambia
0%
Mr. Momora
0%
Muchaner
0%
Elbaf - Pays des Dieux Mugin
0%
Mugren
0%
Mukkashimi Tower
0%
Muret
0%
Foolshout Muti
0%
Nagi
0%
Najime Sound
0%
Nakaiwa
0%
Nanday
0%
Nash
0%
Royaume de Ringo Nashi
0%
Natto
0%
Nazu Ketagari
0%
Nekozaemon
0%
Neoki
0%
Nerine
0%
Nigeratta
0%
Nin
0%
Ninth
0%
Nitghcrab Girl
0%
Nitro
0%
Nnke-kun
0%
Noble Croc
0%
Nodoi Wakan
0%
Nokokuwa Police
0%
Nokotti
0%
Noriko
0%
Norinosuke
0%
Nosgarl
0%
Nure-Onna
0%
Nyasha
0%
Nyornyo Nyarmani
0%
Fonds Marins Octopus Mash
0%
Oide
0%
Oiwa
0%
Okame
0%
Okome
0%
Olav
0%
Oran
0%
Ossamondo
0%
Ototogisu
0%
Ottoland
0%
Packy
0%
Palms
0%
Pandora
0%
Pankuta Dakeyan
0%
Pansy
0%
Papaneel
0%
Papas
0%
Part
0%
Pavlik
0%
Peau d'Ours
0%
Namakura Pekkori
0%
Pellini
0%
Petermoo
0%
Pike
0%
Pinnacle
0%
Piper
0%
Pluming
0%
Polo Gram
0%
Pomp
0%
Pomsky
0%
Poppy
0%
Potato
0%
Autres rois et reines de la Reverie Potaufeu
0%
Princesse des Poissons Rouges
0%
Pudos
0%
Queen Mama Chanter
0%
Quincy
0%
Rabbitman
0%
Rabiyan
0%
Ragnir
0%
Rakuda
0%
Rakushitemo Terusubehainaika
0%
Rakuyo
0%
Ramba
0%
Royaume de Kano Ramen
0%
Rampo
0%
Rangram
0%
Ratel
0%
Rec
0%
Recycle Wan
0%
Red King
0%
Redwolf
0%
Reforte
0%
Renona Topakka
0%
Reuder
0%
Rint
0%
Rivers
0%
Roche
0%
Roche Tomson
0%
Roji
0%
Rokki
0%
Rolling Logan
0%
Ronja
0%
Ronse
0%
Rowing
0%
Reporter Royder
0%
Run
0%
Rush
0%
Créations de Kanjuro Ryuunosuke
0%
Saber
0%
Saikoro
0%
Saitank
0%
Samosa
0%
Sancrin
0%
Sarahebi
0%
Sarai
0%
Sarfunkel
0%
Sarie Nantakonette
0%
Sarutobi
0%
Satchels Maffey
0%
Royaume de Jambalaya Sauce
0%
Schollzo
0%
Scimitarta
0%
Scorpionlady
0%
Seagull Guns Nozdon
0%
Royaume de Lulusia Seki
0%
Sennorikyuru
0%
Teinturier Serizawa
0%
Royaume de Torino Shanba
0%
Shikon Kettai
0%
Shimotsuki Ushimaru
0%
Shin Detemaruka
0%
Shin Jaiya
0%
Shinosuke
0%
Shion
0%
Sicily
0%
Sind
0%
Skaldi
0%
Sleepy
0%
Smooge
0%
Snakeman
0%
Spacey
0%
Spartan
0%
Spector
0%
Victimes des pouvoirs de Moria (et leurs proches) Spoil
0%
Sspaden
0%
Stainless
0%
Stalker
0%
Stefan
0%
Stevie
0%
Stingmore
0%
Royaume de Beef Stroganoff
0%
Sugamichi
0%
Sukare Karehosui
0%
Equipage des Bactéries Sukare Tainen
0%
Suke
0%
Sukoshiba Kanishitoru
0%
Hakumai Sukune
0%
Sunbell
0%
Suzume
0%
Tabuhachiro
0%
Tamikebao
0%
Tararan
0%
Taro
0%
Taroimo
0%
Tate
0%
Tegata Ringana
0%
Tenjo-Sagari
0%
Tensei
0%
Royaume d'Ilisia Thalassa Lucas
0%
Momoiro Tibany
0%
Togare
0%
Tokijiro
0%
Tomatito
0%
Tomato Gang
0%
Tomozo
0%
Tonjil
0%
Tonsfer
0%
Torasaburo
0%
Tosa
0%
Totsu
0%
Toyama Tsujigiro
0%
Tritobu
0%
Tsugaru Umi
0%
Tsukimi
0%
Tsumonsieur Kamaya
0%
Tsunokkov
0%
Tsurue Monnosuke
0%
Ubau
0%
Uhho
0%
Uholisia
0%
Ukon
0%
Umit
0%
Unforgivable Mask
0%
Unigaro
0%
Wano - Capitale des Fleurs Urashima
0%
Pirate n'aimant pas les Shichibukai Uraya Mashikatta
0%
Flash back d'Oden Urbain
0%
Urban
0%
Usagihebi
0%
Usakkov
0%
Usunoro
0%
Uwattsura
0%
Uzu
0%
Uzuki Namida
0%
Clan Uzuki Uzuki Tempura
0%
Robots Vega Force 01
0%
Vegapants
0%
Amour d'enfance de Kid Victoria Ella Toufay-Gicquelé
0%
Royaume de Sankan Vincent
0%
Vitan
0%
Wakasa
0%
Wallace
0%
Wallem
0%
Wany
0%
Wanyudo
0%
Warashi
0%
Warazane
0%
Waruno Furishiro
0%
Wellington
0%
Wheel
0%
Willie Gallon
0%
Yamakaji
0%
Yamanba
0%
Yame
0%
Yamenahare
0%
Yamon
0%
Yarisugi
0%
Yazaemon
0%
Ylva
0%
Yokan
0%
Yotsubane
0%
Yuda
0%
Yui
0%
Responsable du duel des géants Yuki
0%
Visages sur les billets de berrys Yukichi Skull
0%
Yves
0%
Zadie
0%
Zanki
0%
Zodia
0%
Zotto
0%
Zucca
0%
Zururin
0%
Aucun quiz correspondant
Distribution des résultats
% des personnes avec chaque résultat
Percentile par nombre de réponses
Votre historique - résultats
Vous n’avez pas pris ce quiz depuis la dernière actualisation